00303pab a2200121 454500008004000000100001900040245005800059260000900117300001100126362001100137650001300148773002000161180718b2010 xxu||||| |||| 00| 0 eng d aVyas, Nitin J. aModernity and religiosity: Converging of poles in man c2010 ap.1-4. a11 Oct aReligion aUniversity News